| 000 | 00501nam a22001817a 4500 | ||
|---|---|---|---|
| 003 | CEME | ||
| 005 | 20210628205430.0 | ||
| 008 | 210316b xxu||||| |||| 00| 0 eng d | ||
| 020 | _a0-201-40909-7 | ||
| 040 | _c. | ||
| 082 | _a620.0042 FAN'A | ||
| 100 |
_aFane, Bill _975527 |
||
| 245 | _aAutocad essentials an unintimidating introduction to autocad and autocad lt | ||
| 260 |
_aNEWYORK _bADDISON WESLEY _c1995 |
||
| 300 | _a214P | ||
| 650 |
_aCOMPUTER GRAPHICS AUTOCAD _975528 |
||
| 942 |
_cBK _2ddc |
||
| 999 |
_c580928 _d580928 |
||